Lawata : (Record no. 2122)

000 -CABECERA
fixed length control field 00938nam a22002177a 4500
003 - IDENTIFICADOR DEL NÚMERO DE CONTROL
control field AR-CdUCM
008 - DATOS DE LONGITUD FIJA--INFORMACIÓN GENERAL
fixed length control field 190304b ||||| |||| 00| 0 spa d
040 ## - FUENTE DE LA CATALOGACIÓN
Agencia/entidad que catalogó originalmente la obra MUNICIPALIDAD PROVINCIAL DEL CUSCO
Entidad que transcribió la catalogación BIBLIOTECA MUNICIPAL DEL CUSCO
082 ## - NÚMERO DE LA CLASIFICACIÓN DECIMAL DEWEY
No. de Clasificación 985.019 /
Notacion interna V32
100 ## - ENTRADA PRINCIPAL--NOMBRE DE PERSONA
Nombre Personal Vargas P., Ernesto
245 ## - MENCIÓN DE TÍTULO
Título Lawata :
Resto del título comunicación retruecano y mnemotecnico inkas siglos XVII-XVIII /
246 ## - FORMA VARIANTE DE TÍTULO
Título propiamente dicho/Título corto ensayo de cultura andina para la historia de Cusco /
260 ## - PUBLICACIÓN, DISTRIBUCIÓN, ETC.
Lugar de publicación, distribución, etc. Cusco :
Fecha de publicación, distribución, etc. 1994.
300 ## - DESCRIPCIÓN FÍSICA
Nº de Páginas Extensión 112 páginas ;
Dimensiones 21 cm.
505 ## - NOTA DE CONTENIDO CON FORMATO
Nota de contenido formateada Contenido: Comunicación retruecano y mnemotecnico inkas siglos XVII-XVIII -- Lawata -- Taki Onqoy -- Mnemotécnica de la transformación de Condorcanqui a Thupa Amaru -- Por "VN Gran Arbol" mito o historia ...
650 ## - PUNTO DE ACCESO ADICIONAL DE MATERIA--TÉRMINO DE MATERIA
Descriptor Comunicación Melo-aerofonético
9 (RLIN) 7658
650 ## - PUNTO DE ACCESO ADICIONAL DE MATERIA--TÉRMINO DE MATERIA
Descriptor Comunicación Retruécano
9 (RLIN) 7659
650 ## - PUNTO DE ACCESO ADICIONAL DE MATERIA--TÉRMINO DE MATERIA
Descriptor Comunicacion inka.
9 (RLIN) 7660
942 ## - ELEMENTOS DE PUNTO DE ACCESO ADICIONAL (KOHA)
Fuente de clasificación
Tipo de item Libros-BMC
945 ## - PROCESAMIENTO DE INFORMACIÓN LOCAL (OCLC)
Catalogador zta
Holdings
Estado de retiro (separado) Fuente de clasificación o esquema de estanterías Estado dañado Ubicación Sala donde se ubica Nombre de la colección Fecha de adquisición o compra Costo, precio normal en soles Signatura topográfica Código de Barras Última vez visto (Koha) Tipo de ítem (Koha) Número de Ejemplar
No     Sala Humanidades Sala Humanidades Book Cart 2019-03-04 15.00 985.019 / V32 SH0000002442 2019-03-04 Libros-BMC  
No     Sala Humanidades Sala Humanidades Book Cart 2019-03-07 15.00 985.019 / V32 / e.2 SH0000004519 2019-03-07 Libros-BMC 2ej.
No     Sala Humanidades Sala Humanidades Book Cart 2019-07-25   985.019 / V32 / e.3 SH0000014021 2019-07-25 Libros-BMC  

Powered by Koha